| 000 | 00693nam a2200205Ia 4500 | ||
|---|---|---|---|
| 001 | 8661 | ||
| 003 | AR-BaAGN | ||
| 005 | 20231116141419.0 | ||
| 007 | ta | ||
| 008 | 211213s1912 ag |||||||||||||| ||spa d | ||
| 040 |
_dAR-BaAGN _aAR-BaAGN _bspa _eaacr |
||
| 110 | _aMinisterio de Obras Públicas de la Provincia de Buenos Aires | ||
| 245 | 1 | 0 |
_aJurisdicción provincial sobre ferrocarriles : _bcomunicación dirigida al S. Gobierno de la Nación por las provincia de Buenos Aires 28 de octubre de 1912 |
| 260 |
_aLa Plata : _bTaller de Impresiones Oficiales, _c1912. |
||
| 300 | _a26 páginas | ||
| 336 |
_2rdacontent _btxt |
||
| 337 |
_2rdamedia _bn |
||
| 338 |
_2rdacarrier _bnc |
||
| 942 | _cLIBRO | ||
| 999 |
_c8661 _d8661 |
||